London wurde informiert ... : Berichte von Auschwitz-Flüchtlingen / hrsg. von Henryk Świebocki. [Übers.: Jörg Lüer. Red. der dt. Ausg.: Teresa Świebocka ...]
Record details
- ISBN: 83-85047-64-6
- Physical Description: 334 S. : Ill., graph. Darst., Kt
- Publisher: Oświȩcim : Staatl. Museum Auschwitz-Birkenau, 1997
Content descriptions
| General Note: | Erstmals erschienen 1991 u.d.T.: Raporty uciekinierów z KL Auschwitz, im Verl. des Staatl. Museums Auschwitz-Birkenau als Sonderheft IV des Werkes "Zeszyty Oświȩcimskie" Literaturverz. S. 314 - [319] |
| Language Note: | Aus dem Poln. übers. |
Available copies
- 1 of 1 copy available at Common Catalog SPOK.
Holds
- 0 current holds with 1 total copy.
Show Only Available Copies
| Location | Call Number / Copy Notes | Barcode | Shelving Location | Status | Due Date |
|---|---|---|---|---|---|
| Terezin Initiative Institute | 1797 | 4594301797 | Knihovna ITI | Available | - |
Electronic resources
- Related Resource: Inhaltsverzeichnis
- Inhaltsverzeichnis
- Related Resource: http://d-nb.info/953170055/04
- Inhaltsverzeichnis
| LDR | 04801nam a2200973 i 4500 | ||
|---|---|---|---|
| 001 | 49195 | ||
| 003 | CZ-PrJAB | ||
| 005 | 20221110145020.0 | ||
| 008 | 980604s1997 pl 000 0 ger d | ||
| 020 | . | ‡a83-85047-64-6 | |
| 035 | . | ‡a(DE-601)244595798 | |
| 035 | . | ‡a(OCoLC)231729486 | |
| 035 | . | ‡ahis23807 | |
| 035 | . | ‡a(DE-599)GBV244595798 | |
| 040 | . | ‡aGBVCP ‡bger ‡cGBVCP | |
| 041 | 0 | . | ‡ager |
| 110 | 2 | . | ‡aPaństwowe Muzeum Auschwitz-Birkenau ‡4aut |
| 240 | 1 | 0. | ‡aRaporty uciekinierów z KL Auschwitz |
| 245 | 0 | 0. | ‡aLondon wurde informiert ... : ‡bBerichte von Auschwitz-Flüchtlingen / ‡chrsg. von Henryk Świebocki. [Übers.: Jörg Lüer. Red. der dt. Ausg.: Teresa Świebocka ...] |
| 260 | . | ‡aOświȩcim : ‡bStaatl. Museum Auschwitz-Birkenau, ‡c1997 | |
| 300 | . | ‡a334 S. : ‡bIll., graph. Darst., Kt | |
| 500 | . | ‡aErstmals erschienen 1991 u.d.T.: Raporty uciekinierów z KL Auschwitz, im Verl. des Staatl. Museums Auschwitz-Birkenau als Sonderheft IV des Werkes "Zeszyty Oświȩcimskie" | |
| 500 | . | ‡aLiteraturverz. S. 314 - [319] | |
| 546 | . | ‡aAus dem Poln. übers. | |
| 700 | 1 | . | ‡aŚwiebocki, Henryk ‡4com |
| 700 | 1 | . | ‡aŚwiebocka, Teresa ‡4red |
| 700 | 1 | . | ‡aLüer, Jörg ‡4trl |
| 856 | 4 | 2. | ‡yInhaltsverzeichnis ‡uhttp://www.gbv.de/dms/bs/toc/244595798.pdf ‡mV:DE-601;B:DE-84 ‡qpdf/application ‡3Inhaltsverzeichnis |
| 856 | 4 | 2. | ‡uhttp://d-nb.info/953170055/04 ‡mX:GBV ‡3Inhaltsverzeichnis |
| 910 | . | ‡aABE340 ‡b1797 | |
| 995 | . | ‡aska | |
| 901 | . | ‡a49195 ‡bAUTOGEN ‡c49195 ‡tbiblio | |